Daňové zvýhodnenia pri spotrebných daniach z minerálnych olejov diplomová práca

Enregistré dans:
Détails bibliographiques
Auteur principal: Kolariková, Veronika
Collectivité auteur: Národohospodárska fakulta EU. Katedra financií
Autres auteurs: Válek, Juraj, 1981-
Format: Livre
Langue:slovaque
Publié: Bratislava 2021
Tags: Ajouter un tag
Pas de tags, Soyez le premier à ajouter un tag!

MARC

LEADER 00000nbm a2200000 4500
001 0274326
005 20220104091227.3
041 0 |a slo 
044 |a SK 
245 1 0 |a Daňové zvýhodnenia pri spotrebných daniach z minerálnych olejov  |b diplomová práca  |c Veronika Kolariková ; školiteľ: Juraj Válek 
264 1 |a Bratislava  |c 2021 
300 |a 72 s. 
100 1 |a Kolariková, Veronika 
700 1 |a Válek, Juraj, 1981- 
710 2 |a Národohospodárska fakulta EU. Katedra financií